Polscy Medaliści Zimowych Igrzysk Olimpijskich - Statystyki

Ogólne statystyki
  • Ten quiz został rozwiązany 105 razy
    35 od ostatniego zresetowania
  • Średni wynik to 24 z 38
Statystyki odpowiedzi
Wskazówka Odpowiedź % Poprawnych
2014 Soczi Kamil Stoch
97%
2014 Soczi Kamil Stoch
97%
2018 Pjongczang Kamil Stoch
97%
2018 Pjongczang Kamil Stoch
97%
2002 Salt Lake City Adam Małysz
94%
2002 Salt Lake City Adam Małysz
94%
2010 Vancouver Adam Małysz
94%
2010 Vancouver Adam Małysz
94%
2026 Mediolan & Cortina Kacper Tomasiak
94%
2026 Mediolan & Cortina Kacper Tomasiak
94%
2026 Mediolan & Cortina Kacper Tomasiak
94%
2018 Pjongczang Dawid Kubacki
89%
2022 Pekin Dawid Kubacki
89%
2006 Turyn Justyna Kowalczyk
89%
2010 Vancouver Justyna Kowalczyk
89%
2010 Vancouver Justyna Kowalczyk
89%
2010 Vancouver Justyna Kowalczyk
89%
2014 Soczi Justyna Kowalczyk
89%
1972 Sapporo Wojciech Fortuna
86%
2026 Mediolan & Cortina Paweł Wąsek
80%
2014 Soczi Zbigniew Bródka
80%
2014 Soczi Zbigniew Bródka
80%
2018 Pjongczang Maciej Kot
77%
2018 Pjongczang Stefan Hula
69%
2006 Turyn Tomasz Sikora
46%
2014 Soczi Natalia Czerwonka
40%
2014 Soczi Konrad Niedźwiedzki
20%
2010 Vancouver Luiza Złotkowska
17%
2014 Soczi Luiza Złotkowska
17%
1956 Cortina d'Ampezzo Franciszek Gąsienica Groń
14%
2010 Vancouver Katarzyna Bachleda-Curuś
14%
2014 Soczi Katarzyna Bachleda-Curuś
14%
2014 Soczi Jan Szymański
11%
2026 Mediolan & Cortina Vladimir Semmiruniy
11%
1960 Squaw Valley Elwira Seroczyńska
9%
1960 Squaw Valley Helena Pilejczyk
9%
2010 Vancouver Katarzyna Woźniak
6%
2014 Soczi Katarzyna Woźniak
6%
Nie znaleziono quizów pasujących do podanych kryteriów
Rozkład punktacji
Procent ludzi z każdym wynikiem
Percentyl według liczby udzielonych odpowiedzi
Twoja historia wyników
Nie rozwiązałeś tego quizu od ostatniego zresetowania